| 000 | 00786nam a2200205Ia 4500 | ||
|---|---|---|---|
| 003 | Ost | ||
| 005 | 20260507075015.0 | ||
| 008 | 260507s9999||||xx |||||||||||||| ||und|| | ||
| 040 | _cfsecg | ||
| 041 | _aara | ||
| 082 | _a658.02 | ||
| 100 |
_aالمصري، سعيد محمد _eمؤلف |
||
| 245 | 0 |
_aإدارة الفنادق الدولية / _c سعيد محمد المصري |
|
| 246 | _aINTERNATIONAL HOTEL MANAGEMENT | ||
| 260 |
_aالإسكندرية: _bالدار الجامعية, _c2001 |
||
| 300 |
_a67 صفحة؛ _bإيضاحات ؛ _c24 سم |
||
| 520 | _aمفاهيم أساسية في مجال الإدارة الدولية-إدارة الفنادق الدولية-المدير الدولي | ||
| 653 | _aالفنادق -ادارة وتنظيم | ||
| 942 | _cكتاب | ||
| 999 |
_c42201 _d42201 |
||